00786nab a2200229uuc4500001000800000005001700008008004100025035001200066035002100078040001300099041000800112100005900120245011100179260001000290650003500300650005000335650003600385650002800421773007800449942001000527999001900537121110620251016095913.0100812s2010 spa  a1211106 a(OCoLC)820552620 ccomduadb aspa10aGómez Campillejo, Maria Asunción4auteaut958921313aLa orientación académico-profesional para alumnos con necesidades específicas de apoyo educativo (I) c2010. aOrientación educativa912173 7aEstrategias educativas2Tesauro Unesco912168 aOrientación profesional91666 aApoyo educativo91884230 tPolibea (Madrid)gNúmero 095 de 2010, 27-30w1032588x1137-21920420268 cARIMP c557331d557331